Memória monográfica de Portimão (Registo nº 4115)
[ vista simples ]
| 000 -Etiqueta do registo | |
|---|---|
| Cabeçalho | 00758cam a2200265 4500 |
| 005 - Identificador da versão | |
| Campo de controlo | 20240813122053.0 |
| 095 ## - | |
| -- | PTBN00877182 |
| 021 ## - Número do Depósito Legal | |
| Código do país | PT |
| Número | 101193/96 |
| 100 ## - Dados gerais de processamento | |
| Dados gerais de processamento | 19970320e19961911m d0pory5003 ba |
| 102 ## - Pais de publicação ou produção | |
| País de publicação | Portugal |
| 101 0# - Língua de publicação | |
| Língua do texto, banda sonora, etc. | Português |
| 106 ## - Campo de dados codificados: material textual | |
| Dados codificados do material textual | r |
| 105 ## - Campo de dados codificados: livros | |
| Dados codificados dos livros | f z 001yy |
| 215 ## - Descrição física | |
| Indicação específica da natureza do documento e extensão da espécie | [6], 104, [4] p., [7] f. il. |
| Outras indicações físicas | il. |
| Dimensões | 23 cm |
| 200 1# - Titulo e menção de responsabilidade | |
| Título próprio | Memória monográfica de Portimão |
| Primeira menção de responsabilidade | José Gonçalves Vieira |
| 210 ## - Publicação, Distribuição, etc. | |
| Lugar da edição, distribuição, etc. | Portimão |
| Nome do editor, distribuidor, etc. | Junta de Freguesia |
| Data da publicação, distribuição, etc. | 1996 |
| 324 ## - Nota de versão original | |
| Texto da nota | Facsimile da edição do Porto : Typ. Universal, 1911 |
| 675 ## - Classificação Decimal Universal (CDU) | |
| Notação | 908(469.601) |
| Edição | BN |
| Língua da edição | por |
| 607 ## - Nome geográfico usado como assunto | |
| Número de registo de entrada de autoridade | 0000740 |
| Código do sistema | SIPOR |
| 700 #1 - Nome de autor-pessoa física (responsabilidade principal) | |
| Número de registo de entrada de autoridade | 0000741 |
| Palavra de ordem | Vieira |
| Outra parte do nome não tomada para palavra de ordem | José Gonçalves |
| Datas | 1835-1913 |
| 942 ## - Elementos de entrada adicionados (Koha) | |
| Tipo de item no Koha | Livro |
| Situação do levantamento | Origin of item (home branch) (coded) | Biblioteca de empréstimo | Código de barras | Cota | Circulation type (not for loan) | Tipo de documento | Nota do exemplar | Damaged status |
|---|---|---|---|---|---|---|---|---|
| Biblioteca Escolar das Vendas | Biblioteca Escolar das Vendas | BEV836 | 9FL POR | Livro | Sem mensagem |
